Helicobacter pylori in the pathogenesis of peptic ulcer disease

Bibliographic Details
Main Author: Malfertheiner, P. (Author)
Format: Article
Language:Slovak
English
PhysicalDescription:Tab. 2, lit. 6 zázn. v angl., nem.
ISSN:0009-0565
Subjects:

MARC

LEADER 00000nab a2200000 a 4500
001 vtls000546006
003 SK-MaSNL
005 20260304083814.0
008 250425c1993 xo 0 slo
015 |a SNBRB19rr/mm-uuuuu 
035 |a CL0546144 
035 |a urn:nbn:sk:snk-abd2q4 
035 |a (urnnbn)urn:nbn:sk:snk:ar-007msj 
035 |a (uuid)b3793111-49ba-4632-ab28-9d5a7c87c92e 
040 |a SNKBUCL  |b slo  |c SNKBUCL  |e AACR2 
041 0 |a eng 
044 |a xo  |c SK 
080 |a 616.33-002:579.84  |2 1981 
080 |a 579.84  |2 1981 
080 |a 616.342-002.44  |2 1981 
100 1 |a Malfertheiner, P.  |4 aut  |9 1375176 
245 1 0 |a Helicobacter pylori in the pathogenesis of peptic ulcer disease  |c P. Malfertheiner 
300 |b Tab. 2, lit. 6 zázn. v angl., nem. 
650 0 7 |a žalúdok  |2 snkbucl  |9 21056 
650 0 7 |a peptický vred  |2 snkbucl  |9 66233 
650 0 7 |a dvanástnik  |2 snkbucl  |9 87918 
650 0 7 |a Helicobacter pylori  |2 snkbucl  |9 14399 
655 7 |a články z novín a časopisov  |2 snkbucl  |9 267496 
773 0 |t Česko-slovenská gastroenterologie a výživa  |g Roč. 47, č. 2 (1993), s. 50-51  |x 0009-0565 
850 |a Slovenská národná knižnica 
852 |a Slovenská národná knižnica 
958 |a article17 
958 |a RK 
958 |a NB 
958 |a OND 
958 |a EUIPO 
992 |a RBX 
999 |c 2801366  |d 2803296